Cadbury Bourn Vita book of knowledge/ (Record no. 65155)
[ view plain ]
| 000 -LEADER | |
|---|---|
| fixed length control field | 01514nam a22002657a 4500 |
| 005 - DATE AND TIME OF LATEST TRANSACTION | |
| control field | 20120417151957.0 |
| 010 ## - LCCN (DPL NO) | |
| LC control number | B-448505-509 |
| 020 ## - INTERNATIONAL STANDARD BOOK NUMBER | |
| International Standard Book Number | 9780143330240(Volumes 4-6) |
| Terms of availability | 299.00 |
| 035 ## - SYSTEM CONTROL NUMBER | |
| System control number | B-448505-509 |
| 037 ## - SOURCE OF ACQUISITION | |
| Stock number | dpl |
| Source of stock number/acquisition | K.K.Pub/Ven |
| 082 ## - DEWEY DECIMAL CLASSIFICATION NUMBER | |
| Classification number | 000 |
| 100 ## - MAIN ENTRY--PERSONAL NAME | |
| Personal name | O'Brien, Derek |
| 245 ## - TITLE STATEMENT | |
| Title | Cadbury Bourn Vita book of knowledge/ |
| Statement of responsibility, etc | by Derek O,Brien |
| 260 ## - PUBLICATION, DISTRIBUTION, ETC. (IMPRINT) | |
| Place of publication, distribution, etc | New Delhi |
| Name of publisher, distributor, etc | Penguin Group |
| Date of publication, distribution, etc | 2007 |
| 270 ## - ADDRESS | |
| Address | 11 Community Centre, Panchsheel Park |
| City | New Delhi |
| Postal code | 110017 |
| 300 ## - PHYSICAL DESCRIPTION | |
| Extent | v.4-6 (382p.) |
| Dimensions | 20cm(pbk) |
| 700 ## - ADDED ENTRY--PERSONAL NAME | |
| 9 (RLIN) | 40167 |
| 942 ## - ADDED ENTRY ELEMENTS (KOHA) | |
| Source of classification or shelving scheme | Dewey Decimal Classification |
| Item type | English Books |
| Call number suffix | OBR |
| Classification part | 000 |
| Withdrawn status | Lost status | Not for loan | Collection code | Home library | Current library | Date acquired | Source of acquisition | Cost, normal purchase price | Full call number | Barcode | Copy number | Cost, replacement price | Koha item type | Public note |
|---|---|---|---|---|---|---|---|---|---|---|---|---|---|---|
| Non-fiction | Bawana | Bawana | 23/04/2012 | K.K.Pub/1318/23.09.2011/03/23.09.2011/09.11.2011 | 299.00 | 000 OBR | B-448508 | 1 | 299.00 | English Books | ||||
| Non-fiction | Central Library | Central Library | 23/04/2012 | K.K.Pub/1318/23.09.2011/03/23.09.2011/09.11.2011 | 299.00 | 000 OBR | B-448505 | 1 | 299.00 | English Books | Legal Case (Register No. 27) | |||
| Written-off vide DLB M. No. 383 dt 16.05.19 | Non-fiction | Patel Nagar | Patel Nagar | 23/04/2012 | K.K.Pub/1318/23.09.2011/03/23.09.2011/09.11.2011 | 299.00 | 000 OBR | B-448506 | 1 | 299.00 | English Books | |||
| Non-fiction | Sarojini Nagar | Sarojini Nagar | 23/04/2012 | K.K.Pub/1318/23.09.2011/03/23.09.2011/09.11.2011 | 299.00 | 000 OBR | B-448507 | 1 | 299.00 | English Books | ||||
| Written off | Non-fiction | Shahdara Branch | Shahdara Branch | 23/04/2012 | K.K.Pub/1318/23.09.2011/03/23.09.2011/09.11.2011 | 299.00 | 000 OBR | B-448509 | 1 | 299.00 | English Books | Written off on approval by DLB (By Circulation); dtd 20.12.2022 |
